000 00299nam a22001337a 4500
003 SGT
082 _a615.53
_bC16T
100 _aTRIKAMAJI, VAIDYA JADAVAJI
245 _aCHARAK SAMHITA
260 _aNEW DELHI
_bCHAUKHAMBHA PUB
_c2016
300 _a738
650 _aCHARAK SAMHITA
942 _2ddc
_cBK
_03
999 _c9770
_d9770